Integrated Bio-behavioral survey (IBBS) among injecting drug users (IDUs) in the eastern Terai 2007
Guardat en:
| Autor corporatiu: | |
|---|---|
| Format: | Llibre |
| Publicat: |
2008
|
| Accés en línia: | Visit NHRC Library |
| Etiquetes: |
Afegir etiqueta
Sense etiquetes, Sigues el primer a etiquetar aquest registre!
|
| LEADER | 00575nam a22001337a 4500 | ||
|---|---|---|---|
| 110 | |a New ERA |9 19 | ||
| 245 | |a Integrated Bio-behavioral survey (IBBS) among injecting drug users (IDUs) in the eastern Terai 2007 | ||
| 260 | |c 2008 | ||
| 300 | |a x, 86p. ; | ||
| 500 | |a Research Report | ||
| 856 | |u http://nhrc.org.np/index.php?option=com_content&view=article&id=48&Itemid=53 |y Visit NHRC Library | ||
| 942 | |2 NLM |c RR | ||
| 952 | |0 0 |1 0 |2 NLM |4 0 |6 RES_525_000000000000000_ERA_2008 |7 0 |9 1623 |a NHRC |b NHRC |c REF |d 2013-04-22 |l 0 |o RES 525/ERA/2008 |p RES-00525 |r 2013-04-22 |w 2013-04-22 |y RR | ||
| 999 | |c 1582 |d 1582 | ||